[Event "Trois-Rivieres Mauricie op"]
[Site "Trois Rivieres"]
[Date "2019.03.15"]
[Round "1.12"]
[White "Bombail, Leonard"]
[Black "Huang, Qiuyu"]
[Result "0-1"]
[WhiteElo "1971"]
[BlackElo "2220"]
[PlyCount "68"]
[EventDate "2019.03.15"]
[EventType "swiss"]
[EventRounds "5"]
[EventCountry "CAN"]
[SourceTitle "EXT 2022"]
[Source "ChessBase"]
[SourceDate "2021.10.06"]
[SourceVersion "1"]
[SourceVersionDate "2021.10.06"]
[SourceQuality "1"]

1. e4 c5 2. Nc3 Nc6 3. g3 g6 4. Bg2 Bg7 5. d3 d6 6. Nf3 e5 7. 0-0 Nge7 8. Be3 0-0 9. Qd2 f5 10. Bh6 Rb8 11. Bxg7 Kxg7 12. Ne2 d5 13. exd5 Nxd5 14. Rae1 Nf6 15. Nc3 Re8 16. Nh4 Nd4 17. f4 exf4 18. Rxe8 Qxe8 19. Re1 Qd8 20. Qxf4 Nxc2 21. Re2 Qd4+ 22. Qxd4 Nxd4 23. Re7+ Kf8 24. Re5 b6 25. Nf3 Nxf3+ 26. Bxf3 Bb7 27. Kf2 Bxf3 28. Kxf3 Rd8 29. Re6 Kf7 30. Rc6 Rxd3+ 31. Kf4 Rd4+ 32. Kg5 Rg4+ 33. Kh6 Ng8+ 34. Kxh7 Rg5 0-1

[Event "FRA-ch op-B"]
[Site "Pau"]
[Date "2012.08.19"]
[Round "6"]
[White "Bombail, Leonard"]
[Black "Gambini, Stephane"]
[Result "1-0"]
[WhiteElo "1885"]
[BlackElo "1972"]
[PlyCount "93"]
[EventDate "2012.08.14"]
[EventType "swiss"]
[EventRounds "11"]
[EventCountry "FRA"]
[SourceTitle "EXT 2013"]
[Source "ChessBase"]
[SourceDate "2012.11.22"]
[SourceVersion "1"]
[SourceVersionDate "2012.11.22"]
[SourceQuality "1"]

1. e4 c5 2. Nc3 Nc6 3. Bb5 Nd4 4. Bc4 e6 5. Nge2 g6 6. d3 a6 7. Nxd4 cxd4 8. Ne2 Bg7 9. 0-0 Ne7 10. f4 d5 11. Bb3 0-0 12. e5 Qb6 13. c3 dxc3+ 14. d4 cxb2 15. Bxb2 Bd7 16. Ba3 Rfe8 17. Rb1 Qa5 18. Bc1 Rac8 19. Bd2 Qc7 20. Rf3 Bb5 21. g4 f5 22. h3 Bxe2 23. Qxe2 b5 24. a4 Qb6 25. Qd3 Nc6 26. Be3 Nb4 27. Qd2 Bf8 28. gxf5 exf5 29. Rg3 Qc6 30. axb5 axb5 31. Qg2 Red8 32. h4 Kg7 33. h5 Be7 34. Kh2 Qe6 35. Rg1 Rc6 36. Bd2 Na6 37. Ba5 Rd7 38. hxg6 hxg6 39. Bxd5 Rxd5 40. Rxg6+ Qxg6 41. Qxd5 Qxg1+ 42. Kxg1 Rg6+ 43. Kf2 b4 44. Qb7 Kf8 45. Qc8+ Kg7 46. Qd7 Kf7 47. Bd8 1-0

[Event "FRA-chT U20 1112"]
[Site "France"]
[Date "2011.12.19"]
[Round "7"]
[White "Bombail, Leonard"]
[Black "Richard, Francois"]
[Result "1/2-1/2"]
[WhiteElo "1867"]
[BlackElo "1775"]
[PlyCount "105"]
[EventDate "2011.12.03"]
[EventType "team-swiss"]
[EventRounds "7"]
[EventCountry "FRA"]
[SourceTitle "EXT 2013"]
[Source "ChessBase"]
[SourceDate "2012.11.22"]
[SourceVersion "1"]
[SourceVersionDate "2012.11.22"]
[SourceQuality "1"]

1. e4 e6 2. d4 d5 3. e5 c5 4. c3 Qb6 5. Nf3 Nc6 6. Be2 cxd4 7. cxd4 Nh6 8. Na3 Bb4+ 9. Kf1 Nf5 10. Nc2 Be7 11. g4 Nh4 12. Nxh4 Bxh4 13. Kg2 Nxe5 14. dxe5 Qxf2+ 15. Kh3 h5 16. gxh5 Be7 17. Qd3 Bf6 18. Be3 Qh4+ 19. Kg2 Bxe5 20. Rac1 Bd7 21. Nd4 a6 22. Bf2 Qe4+ 23. Qxe4 dxe4 24. Rc2 0-0 25. Nb3 Bc6 26. Na5 Bd5 27. Be3 f5 28. Nc4 Bc7 29. Nb6 Bxb6 30. Bxb6 f4 31. Bg4 Rac8 32. Rhc1 Rc6 33. Rxc6 bxc6 34. Bc7 f3+ 35. Kf2 Rf7 36. Be5 Rb7 37. b3 a5 38. Bd6 Rd7 39. Be5 a4 40. Rxc6 Bxc6 41. Bxe6+ Kh7 42. Bxd7 Bxd7 43. Ke3 axb3 44. axb3 Kh6 45. b4 Be8 46. Bd4 Kxh5 47. Kxe4 Bc6+ 48. Kf4 Kh4 49. Bf2+ Kh3 50. b5 Bb7 51. Bg3 Kg2 52. h4 g6 53. b6 1/2-1/2

[Event "FRA-chT U20 1112"]
[Site "France"]
[Date "2011.12.18"]
[Round "6"]
[White "Dumas, Charles"]
[Black "Bombail, Leonard"]
[Result "0-1"]
[WhiteElo "1868"]
[BlackElo "1867"]
[PlyCount "104"]
[EventDate "2011.12.03"]
[EventType "team-swiss"]
[EventRounds "7"]
[EventCountry "FRA"]
[SourceTitle "EXT 2013"]
[Source "ChessBase"]
[SourceDate "2012.11.22"]
[SourceVersion "1"]
[SourceVersionDate "2012.11.22"]
[SourceQuality "1"]

1. e4 e5 2. Nc3 Bc5 3. f4 d6 4. Nf3 Bg4 5. Bc4 Nc6 6. Na4 Bxf3 7. Qxf3 Nd4 8. Qd3 exf4 9. Nxc5 Qh4+ 10. Kf1 dxc5 11. c3 Nc6 12. Qd5 Nh6 13. Qxc5 0-0-0 14. Qf2 Qe7 15. Bd5 f5 16. d3 Rhf8 17. h3 fxe4 18. Bxe4 Nf5 19. Bxf5+ Rxf5 20. d4 Re8 21. Bd2 Qe4 22. Re1 Qd3+ 23. Kg1 Rxe1+ 24. Qxe1 f3 25. Qe6+ Kd8 26. Qg8+ Kd7 27. Qxg7+ Ne7 28. Bg5 f2+ 29. Kh2 Rxg5 30. Qxg5 f1Q 31. Rxf1 Qxf1 32. Qg7 Qf5 33. Qh8 Qf4+ 34. Kh1 Qe4 35. Kh2 Qg6 36. Qb8 Qb6 37. Qh8 Qxb2 38. Qxh7 Qxa2 39. Qg7 Qd5 40. h4 a5 41. Qg4+ Qe6 42. Qf3 Qd5 43. Qg4+ Qf5 44. Qd1 Qf4+ 45. g3 Qf2+ 46. Kh3 b5 47. h5 Qf5+ 48. g4 Qg5 49. Qb3 a4 50. Qb4 c6 51. Qa5 Nd5 52. Qa7+ Ke6 0-1

[Event "FRA-ch op-B"]
[Site "Caen"]
[Date "2011.08.20"]
[Round "5"]
[White "Bombail, Leonard"]
[Black "Veys, Vincent"]
[Result "1-0"]
[WhiteElo "1728"]
[BlackElo "1859"]
[PlyCount "113"]
[EventDate "2011.08.16"]
[EventType "swiss"]
[EventRounds "11"]
[EventCountry "FRA"]
[SourceTitle "EXT 2012"]
[Source "ChessBase"]
[SourceDate "2011.11.24"]
[SourceVersion "1"]
[SourceVersionDate "2011.11.24"]
[SourceQuality "1"]

1. b3 e5 2. Bb2 Nc6 3. e3 d6 4. Bb5 Bd7 5. c4 a6 6. Bxc6 Bxc6 7. Nf3 Nf6 8. 0-0 Be7 9. d4 exd4 10. Nxd4 Bd7 11. Nc3 0-0 12. Qf3 Qc8 13. e4 Bg4 14. Qg3 Re8 15. h3 Bd7 16. Rfe1 Bf8 17. Nd5 Nxd5 18. exd5 g6 19. Ne2 Bg7 20. Bxg7 Kxg7 21. Nf4 Rxe1+ 22. Rxe1 Qd8 23. Qe3 Qf6 24. Qe7 Rd8 25. Ne6+ Bxe6 26. Rxe6 Qxe7 27. Rxe7 Rc8 28. b4 Kf8 29. Re3 c6 30. dxc6 Rxc6 31. Re4 Rb6 32. a3 Rc6 33. Kf1 h5 34. Ke2 Rc7 35. Kd3 Rc6 36. Kd4 f5 37. Re3 b5 38. c5 dxc5+ 39. bxc5 Kf7 40. Kd5 Rc8 41. Kd6 Rd8+ 42. Kc7 Rd2 43. c6 Rxf2 44. g3 a5 45. Kb7 b4 46. axb4 axb4 47. c7 Rc2 48. c8Q Rxc8 49. Kxc8 Kf6 50. Rb3 h4 51. gxh4 f4 52. Kd7 Ke5 53. Ke7 Ke4 54. Kf6 f3 55. Rxb4+ Ke3 56. Rb3+ Kf4 57. Rxf3+ 1-0

[Event "FRA-chTA U20 1011"]
[Site "France"]
[Date "2010.12.19"]
[Round "6.2"]
[White "Bombail, Leonard"]
[Black "Baudry, Remi"]
[Result "1-0"]
[WhiteElo "1763"]
[BlackElo "1619"]
[PlyCount "69"]
[EventDate "2010.11.21"]
[EventType "team-tourn"]
[EventRounds "7"]
[EventCountry "FRA"]
[SourceTitle "EXT 2012"]
[Source "ChessBase"]
[SourceDate "2011.11.24"]
[SourceVersion "1"]
[SourceVersionDate "2011.11.24"]
[SourceQuality "1"]
[WhiteTeam "Lyon"]
[BlackTeam "Hyeres"]
[WhiteTeamCountry "FRA"]
[BlackTeamCountry "FRA"]

1. b3 d6 2. Bb2 Nd7 3. e3 e5 4. d4 g6 5. dxe5 dxe5 6. Bc4 Ngf6 7. Nf3 Bd6 8. Nbd2 0-0 9. e4 c6 10. 0-0 b5 11. Be2 Ne8 12. a4 Qb6 13. axb5 cxb5 14. Re1 Ng7 15. Bf1 Ba6 16. Nb1 Rfd8 17. Nc3 Nf6 18. Qe2 Rab8 19. h3 Ngh5 20. Nd5 Nxd5 21. exd5 Ng3 22. Qd2 f6 23. Rxa6 Nxf1 24. Rxb6 Nxd2 25. Rxb8 Nxf3+ 26. gxf3 Bxb8 27. c4 a5 28. f4 Re8 29. c5 Kf7 30. fxe5 Bxe5 31. Bxe5 fxe5 32. c6 Kf6 33. d6 Ke6 34. d7 Rd8 35. c7 1-0

[Event "FRA-ch op-C"]
[Site "Nimes"]
[Date "2009.08.11"]
[Round "1"]
[White "Bombail, Leonard"]
[Black "Van Eeckhout, Guy"]
[Result "1-0"]
[WhiteElo "1646"]
[BlackElo "1785"]
[PlyCount "65"]
[EventDate "2009.08.11"]
[EventType "swiss"]
[EventRounds "11"]
[EventCountry "FRA"]
[SourceTitle "EXT 2011"]
[Source "ChessBase"]
[SourceDate "2010.11.26"]
[SourceVersion "1"]
[SourceVersionDate "2010.11.26"]
[SourceQuality "1"]

1. f4 e5 2. fxe5 d6 3. Nf3 g5 4. e3 g4 5. Nd4 dxe5 6. Ne2 Nc6 7. b3 h5 8. Bb2 Be6 9. d4 Bg7 10. c4 exd4 11. Nxd4 Qd7 12. Na3 0-0-0 13. Nac2 Bf5 14. Bd3 Bxd3 15. Qxd3 Ne5 16. Qe2 c5 17. 0-0-0 cxd4 18. Rxd4 Qc7 19. Rxd8+ Qxd8 20. Rd1 Qe7 21. Qf2 Nh6 22. Qf4 Rd8 23. Rxd8+ Kxd8 24. Kb1 Qd6 25. Qg5+ Qf6 26. Qxh5 Qf1+ 27. Bc1 Qxg2 28. Qg5+ Ke8 29. Qxg7 Qxh2 30. Qh8+ Ke7 31. e4 Qg1 32. Qxh6 g3 33. Qg5+ 1-0